The quest to value (Record no. 72996)

MARC details
000 -LEADER
fixed length control field 00934cam a2200193 4500
001 - CONTROL NUMBER
control field WB3925-21
008 - FIXED-LENGTH DATA ELEMENTS--GENERAL INFORMATION
fixed length control field 030703n2003 000 0 eng u
035 ## - SYSTEM CONTROL NUMBER
System control number (Sirsi) u122915
245 #4 - TITLE STATEMENT
Title The quest to value
260 ## - PUBLICATION, DISTRIBUTION, ETC.
Date of publication, distribution, etc. 2003
490 ## - SERIES STATEMENT
Series statement RICS Press Release
Volume/sequential designation (pr067) 2 June 2003 (2)
520 ## - SUMMARY, ETC.
Summary, etc. RICS and Manchester Business School have produced a research paper investigating the application of valuation skills to appraise business' intangible assets. "Valuing intangible assets'" concludes there should be a multidisciplinary approach to the valuation process with intangible assets divided into three areas; human, organisational and relationship. www.rics.org/ricscms/bin/show?class=PressRelease&template=/includes/showpr.html&id=952
590 ## - LOCAL NOTE (RLIN)
Local note WB
650 ## - SUBJECT ADDED ENTRY--TOPICAL TERM
Topical term or geographic name entry element INTANGIBLE ASSETS
650 ## - SUBJECT ADDED ENTRY--TOPICAL TERM
Topical term or geographic name entry element BUSINESS VALUATIONS
650 ## - SUBJECT ADDED ENTRY--TOPICAL TERM
Topical term or geographic name entry element Valuation
9 (RLIN) 6273
690 ## - LOCAL SUBJECT ADDED ENTRY--TOPICAL TERM (OCLC, RLIN)
Topical term or geographic name as entry element PROPERTY-PROPERTY APPRAISAL AND VALUATION
942 ## - ADDED ENTRY ELEMENTS (KOHA)
Suppress in OPAC 0
Holdings
Withdrawn status Lost status Source of classification or shelving scheme Damaged status Not for loan Home library Current library Shelving location Date acquired Total Checkouts Full call number Barcode Date last seen Copy number Price effective from Koha item type
    Dewey Decimal Classification     London London News article 03/07/2003   WB3925-21 122915-1001 06/08/2019 1 06/08/2019 News article